Statistics for Countries Closest to Point Zero - One Minute Sprint

Click here to take the quiz!

General Stats

  • This quiz has been taken 45 times
  • The average score is 14 of 20

Answer Stats

kmCountrymiles% Correct
1351Niger839
85%
1496Democratic Republic
of the Congo
930
82%
573Ghana356
82%
1310Republic of the Congo814
82%
646Côte d'Ivoire401
79%
771Nigeria479
79%
717Benin446
76%
693Togo431
76%
1071Cameroon665
74%
971Gabon603
74%
1091Burkina Faso678
71%
1007Equatorial Guinea626
65%
1312Mali815
65%
1448Angola899
62%
1239Guinea770
62%
720São Tomé and Príncipe447
62%
1485Sierra Leone923
53%
1716Central African Republic1066
50%
968Liberia602
50%
1828Mauritania1136
47%

Score Distribution

Percentile by Number Answered

Percent of People with Each Score

Your Score History

You have not taken this quiz